[Event "Wch FIDE Online U14 Girls Europe qual"]
[Site "Tornelo INT"]
[Date "2020.12.09"]
[Round "7"]
[White "Ray, Hiya"]
[Black "Sheikh, Anum"]
[Result "0-1"]
[WhiteElo "1542"]
[BlackElo "1709"]
[PlyCount "88"]
[EventDate "2020.12.07"]
[EventType "swiss (rapid)"]
[EventRounds "7"]
[EventCountry "ISS"]
[SourceTitle "EXT 2022"]
[Source "ChessBase"]
[SourceDate "2021.10.06"]
[SourceVersion "1"]
[SourceVersionDate "2021.10.06"]
[SourceQuality "1"]

1. d4 d5 2. Nf3 Nf6 3. c4 c6 4. Nc3 dxc4 5. a4 Bf5 6. e3 e6 7. Bxc4 Bb4 8. 0-0 0-0 9. Qe2 Bxc3 10. bxc3 h6 11. Ba3 Re8 12. Bd3 Bxd3 13. Qxd3 Nbd7 14. e4 e5 15. Rfe1 Qc7 16. Rad1 Rad8 17. Qc2 exd4 18. cxd4 Qa5 19. Rb1 Nb6 20. Bb4 Qxa4 21. Qd3 Qb5 22. Qa3 Nc4 23. Qa2 Ra8 24. Rec1 Nb6 25. Bc5 Qd3 26. e5 Nfd5 27. Re1 Nc3 28. Qb3 Nbd5 29. Rbc1 a5 30. Qb2 a4 31. Ba3 Nb5 32. Bc5 a3 33. Qa1 Ndc3 34. Re3 Ne2+ 35. Kh1 Qxe3 36. fxe3 Nxc1 37. Qxc1 a2 38. Qa1 Nc3 39. Nd2 Ne2 40. h3 Ra6 41. Nb3 Rea8 42. Nd2 Nc1 43. Bd6 Nd3 44. Be7 Rb6 0-1

[Event "GBR-ch U14 106th"]
[Site "Torquay"]
[Date "2019.07.28"]
[Round "1"]
[White "Ray, Hiya"]
[Black "Balaji, Aaravamudhan"]
[Result "0-1"]
[WhiteElo "1546"]
[BlackElo "2034"]
[PlyCount "70"]
[EventDate "2019.07.28"]
[EventType "swiss"]
[EventRounds "7"]
[EventCountry "ENG"]
[SourceTitle "EXT 2020"]
[Source "ChessBase"]
[SourceDate "2019.10.17"]
[SourceVersion "1"]
[SourceVersionDate "2019.10.17"]
[SourceQuality "1"]

1. d4 Nf6 2. c4 g6 3. Nf3 Bg7 4. g3 0-0 5. Bg2 d6 6. Nc3 Nbd7 7. 0-0 e5 8. e4 exd4 9. Nxd4 Re8 10. Re1 a5 11. Ndb5 Ne5 12. b3 Bd7 13. Bb2 h5 14. Qd2 h4 15. Qg5 Nd3 16. Re2 Nxb2 17. Rxb2 Bxb5 18. Qxb5 Nxe4 19. Nxe4 Bxb2 20. Rd1 h3 21. Bf3 Rb8 22. Qxa5 c5 23. Qb5 Bd4 24. b4 f5 25. Nd2 Re7 26. Kf1 Qe8 27. Qb6 Bc3 28. Qxd6 Rd8 29. Bd5+ Kg7 30. Qf4 cxb4 31. Nf3 Qa4 32. Rc1 Bb2 33. Re1 Rde8 34. Qd6 Bf6 35. Rb1 Bc3 0-1

[Event "EU-ch U12 Girls 28th"]
[Site "Riga"]
[Date "2018.08.21"]
[Round "2"]
[White "Ray, Hiya"]
[Black "Sichinava, Mariam"]
[Result "0-1"]
[WhiteElo "1643"]
[BlackElo "1303"]
[PlyCount "84"]
[EventDate "2018.08.20"]
[EventType "swiss"]
[EventRounds "9"]
[EventCountry "LAT"]
[SourceTitle "CBM 186 Extra"]
[Source "ChessBase"]
[SourceDate "2018.08.24"]
[SourceVersion "1"]
[SourceVersionDate "2018.08.24"]
[SourceQuality "1"]

1. d4 Nf6 2. c4 c5 3. d5 g6 4. Nc3 Bg7 5. e4 0-0 6. Be3 d6 7. f3 Nbd7 8. Nge2 a6 9. a4 Qc7 10. Ng3 Re8 11. Be2 b6 12. 0-0 h5 13. f4 e6 14. Bf3 exd5 15. cxd5 Bb7 16. Qd2 c4 17. Rfe1 Nc5 18. Bxc5 Qxc5+ 19. Kh1 b5 20. a5 Qc7 21. Rad1 Qxa5 22. e5 Nd7 23. exd6 Qb6 24. Nce4 Nf6 25. Nxf6+ Bxf6 26. Ne4 Bg7 27. Re2 f5 28. d7 Red8 29. Ng5 Rxd7 30. Re6 Qc5 31. Rxg6 Re8 32. Ne6 Qd6 33. h3 Ree7 34. Bxh5 Qxd5 35. Qxd5 Rxd5 36. Rxd5 Bxd5 37. Nxg7 Rxg7 38. Kg1 Rxg6 39. Bxg6 Be4 40. g4 b4 41. Kf2 c3 42. bxc3 b3 0-1

[Event "Tom Weston Major op"]
[Site "Cardiff"]
[Date "2018.04.01"]
[Round "5"]
[White "Camp, Syringa Lyn"]
[Black "Ray, Hiya"]
[Result "0-1"]
[WhiteElo "1676"]
[BlackElo "1581"]
[PlyCount "80"]
[EventDate "2018.03.30"]
[EventType "swiss"]
[EventRounds "7"]
[EventCountry "WLS"]
[SourceTitle "EXT 2020"]
[Source "ChessBase"]
[SourceDate "2019.10.17"]
[SourceVersion "1"]
[SourceVersionDate "2019.10.17"]
[SourceQuality "1"]

1. e4 c5 2. d4 cxd4 3. c3 Nf6 4. e5 Nd5 5. Bc4 Nb6 6. Bb3 Nc6 7. Nf3 d6 8. cxd4 Bg4 9. Bxf7+ Kxf7 10. Ng5+ Ke8 11. Qxg4 dxe5 12. 0-0 Nxd4 13. Na3 Qd7 14. Qxd7+ Nxd7 15. Be3 Ne2+ 16. Kh1 h6 17. Ne6 Kf7 18. Nxf8 Rhxf8 19. Rfe1 Nf4 20. Rad1 Nf6 21. Nc4 Ng6 22. Bc1 e4 23. h3 Rac8 24. Ne3 Rfd8 25. b3 Nf4 26. Rxd8 Rxd8 27. Kh2 Nd3 28. Rd1 Rc8 29. Bd2 Nxf2 30. Rf1 Nd3 31. g4 Rc5 32. h4 Ke8 33. Kg3 e6 34. Nc4 b5 35. Na3 Nd5 36. g5 e3 37. Ba5 b4 38. Nc4 e2 39. Nd6+ Kd7 40. Rf7+ Kxd6 0-1

[Event "EU-ch U12 Girls 27th"]
[Site "Mamaia"]
[Date "2017.09.12"]
[Round "7"]
[White "Matasaru, Stephanie"]
[Black "Ray, Hiya"]
[Result "1-0"]
[WhiteElo "1662"]
[BlackElo "1483"]
[PlyCount "23"]
[EventDate "2017.09.05"]
[EventType "swiss"]
[EventRounds "9"]
[EventCountry "ROU"]
[SourceTitle "CBM 180 Extra"]
[Source "ChessBase"]
[SourceDate "2017.10.06"]
[SourceVersion "1"]
[SourceVersionDate "2017.10.06"]
[SourceQuality "1"]

1. e4 c5 2. Nf3 d6 3. d4 cxd4 4. Nxd4 Nf6 5. Nc3 g6 6. f4 Bg7 7. e5 dxe5 8. fxe5 Ng4 9. Bb5+ Kf8 10. Ne6+ fxe6 11. Qxd8+ Kf7 12. Rf1+ 1-0

[Event "EU-ch U12 Girls 27th"]
[Site "Mamaia"]
[Date "2017.09.08"]
[Round "4"]
[White "Ray, Hiya"]
[Black "Katter, Katharina"]
[Result "1/2-1/2"]
[WhiteElo "1483"]
[BlackElo "1591"]
[PlyCount "147"]
[EventDate "2017.09.05"]
[EventType "swiss"]
[EventRounds "9"]
[EventCountry "ROU"]
[SourceTitle "CBM 180 Extra"]
[Source "ChessBase"]
[SourceDate "2017.10.06"]
[SourceVersion "1"]
[SourceVersionDate "2017.10.06"]
[SourceQuality "1"]

1. d4 d5 2. c4 c6 3. Nf3 Nf6 4. g3 Bf5 5. Bg2 e6 6. 0-0 Nbd7 7. Nbd2 Bd6 8. b3 h6 9. Bb2 0-0 10. Re1 a5 11. Nh4 Bh7 12. e4 dxe4 13. Nxe4 Nxe4 14. Bxe4 Bxe4 15. Rxe4 Nf6 16. Re1 Re8 17. Qf3 a4 18. Rad1 Qa5 19. d5 exd5 20. Rxe8+ Nxe8 21. cxd5 cxd5 22. Rxd5 Qe1+ 23. Kg2 Qe6 24. Nf5 axb3 25. axb3 Ba3 26. Bd4 Bf8 27. Re5 Qd7 28. Re3 g6 29. Nh4 Qxd4 30. Qxb7 Rd8 31. Nf3 Qd6 32. Ne5 Qd5+ 33. Qxd5 Rxd5 34. Nxg6 fxg6 35. Rxe8 Kf7 36. Rb8 Rd2 37. b4 Rb2 38. Rb7+ Ke6 39. b5 Bc5 40. Kh3 Bxf2 41. Kg4 Kf6 42. Kf3 Bc5 43. h3 Rb3+ 44. Kg2 Kg5 45. g4 Kh4 46. Rh7 Rxb5 47. Rxh6+ Kg5 48. Rh8 Rb2+ 49. Kf3 Kf6 50. h4 Rb3+ 51. Kg2 Bd6 52. h5 Rg3+ 53. Kf2 Rxg4 54. hxg6 Rxg6 55. Rh3 Ke5 56. Ke3 Bc5+ 57. Kd3 Rd6+ 58. Kc4 Bf2 59. Rf3 Ba7 60. Rh3 Rd4+ 61. Kc3 Rf4 62. Rh5+ Ke6 63. Kd3 Rd4+ 64. Kc3 Rf4 65. Rh6+ Ke5 66. Rh5+ Ke4 67. Rh7 Bd4+ 68. Kc4 Kf3 69. Kd5 Ba1 70. Rh3+ Kg2 71. Ra3 Rf1 72. Ra2+ Kg1 73. Ke4 Bh8 74. Ra8 1/2-1/2